000 00558nam a2200205Ia 4500
003 OSt
005 20220926041218.0
006 a|||||r|||| 00| 0
007 ta
008 220923b |||||||| |||| 00| 0 eng d
037 _cGeneral Book
040 _aRTL
_cRTL
_beng
041 _2eng
_aeng
082 _aX.72.N5, J61
100 _aInnis Harold A
245 0 _aEssays in Canadian economic history ed by Mary Q I
650 _aCanada Economic Conditions
942 _hX.72.N5, J61
_cGB
_2CC
999 _c666640
_d666640